00402nam a2200145 4500003000900000005001700009008004100026020002300067040001300090082001700103100001900120245006200139260004400201300001100245SEACOMEC20250116124320.0250116b |||||||| |||| 00| 0 eng d a8121925371c575.00 aSEACOMEC a621.815bK45 aKhurmi , R.S.  aA Textbook of Machine Design/ cR.S. Khurmi & J.K. Gupta aNew Delhib: S. Chand Publishing,c2005 a1230 p